[Event "SRI-chB (Women)"]
[Site "Malabe"]
[Date "2015.05.19"]
[Round "1"]
[White "Balasuriya, Sajini Hasara"]
[Black "Sarathchandra, Thihansa Dewwanth"]
[Result "1-0"]
[WhiteElo "1571"]
[BlackElo "1338"]
[PlyCount "133"]
[EventDate "2015.05.19"]
[EventType "swiss"]
[EventRounds "10"]
[EventCountry "SRI"]
[SourceTitle "EXT 2016"]
[Source "ChessBase"]
[SourceDate "2015.10.08"]
[SourceVersion "1"]
[SourceVersionDate "2015.10.08"]
[SourceQuality "1"]

1. d4 Nf6 2. c4 c5 3. d5 b5 4. cxb5 a6 5. b6 g6 6. a4 Qxb6 7. a5 Qb7 8. Nc3 d6 9. e4 Bg7 10. Nf3 0-0 11. Be2 Nbd7 12. 0-0 Ng4 13. Ng5 Ngf6 14. f4 Ne8 15. Kh1 Nc7 16. Qd3 Nf6 17. Na4 Bd7 18. Qc2 Bxa4 19. Rxa4 Nb5 20. Be3 Rfb8 21. b4 cxb4 22. Rxb4 Rc8 23. Qb3 Rab8 24. Bxb5 axb5 25. Rb1 Nd7 26. Rxb5 Qxb5 27. Qxb5 Rxb5 28. Rxb5 Rb8 29. Rxb8+ Nxb8 30. Nf3 Bc3 31. Bb6 Kf8 32. Nd4 Bxd4 33. Bxd4 Ke8 34. Bb6 Kd7 35. Kg1 Kc8 36. Kf2 Nd7 37. Bd4 Kb7 38. e5 dxe5 39. fxe5 Ka6 40. Bc3 Nc5 41. Ke3 Nb7 42. Bb4 Nxa5 43. Bxe7 Kb7 44. Kf4 Kc7 45. Kg5 h5 46. Kf6 Nc4 47. Bd6+ Nxd6 48. exd6+ Kxd6 49. Kxf7 Kxd5 50. Kxg6 h4 51. Kf5 Kd6 52. Kg4 h3 53. Kxh3 Ke5 54. Kg4 Kf6 55. Kh5 Kg7 56. Kg5 Kh7 57. h4 Kg7 58. g4 Kh7 59. Kf6 Kh8 60. g5 Kh7 61. h5 Kg8 62. Kg6 Kh8 63. Kf7 Kh7 64. g6+ Kh8 65. g7+ Kh7 66. g8Q+ Kh6 67. Qg6# 1-0